| 000 | 00805pam a2200265 a 4500 | ||
|---|---|---|---|
| 001 | 1055314 | ||
| 003 | OSt | ||
| 005 | 20140310182253.0 | ||
| 008 | 901009s1991 nyu 000 1 eng | ||
| 010 | _a 90056105 | ||
| 020 |
_a9780006478706 _c$22.95 |
||
| 040 |
_aDLC _cDLC _dDLC |
||
| 050 | 0 | 0 |
_aPR 6051.R285 _b.Ar671 1993 |
| 082 |
_aFIC _bAr2a 1991 |
||
| 100 | 1 |
_aArcher, Jeffrey, _d1940- _920184 |
|
| 245 | 1 | 0 |
_aAs the crow flies / _cJeffrey Archer. |
| 250 | _a1st ed. | ||
| 260 |
_aNew York : _bHarperCollins, _cc1993. |
||
| 300 |
_a735 p. ; _c17 cm. |
||
| 906 |
_a7 _bcbc _corignew _d1 _eocip _f19 _gy-gencatlg |
||
| 942 |
_2lcc _cBK-FIC |
||
| 999 |
_c11422 _d11422 |
||